Social Problems in India (Record no. 737)
[ view plain ]
| 000 -LEADER | |
|---|---|
| Fixed length control field | 00463nam a2200181 4500 |
| 003 - CONTROL NUMBER IDENTIFIER | |
| Control field | SEACOMMC |
| 005 - DATE AND TIME OF LATEST TRANSACTION | |
| Control field | 20250424143627.0 |
| 008 - FIXED-LENGTH DATA ELEMENTS--GENERAL INFORMATION | |
| Fixed length control field | 241105b |||||||| |||| 00| 0 eng d |
| 020 ## - INTERNATIONAL STANDARD BOOK NUMBER / ISBN | |
| International Standard Book Number | 81-7033-412-8 |
| Price | Rs.175.00 |
| 040 ## - CATALOGING SOURCE | |
| Original cataloging agency | SEACOMMC |
| 082 ## - DEWEY DECIMAL CLASSIFICATION NUMBER | |
| Classification number | 362.042954 |
| Book Number | A 287 |
| 100 ## - MAIN ENTRY--PERSONAL NAME | |
| Personal name | Ahuja,Ram |
| 245 1# - TITLE STATEMENT | |
| Title | Social Problems in India |
| Statement of responsibility | Ram Ahuja |
| 250 ## - EDITION STATEMENT | |
| Edition statement | 2nd rev.ed. |
| 260 ## - IMPRINT | |
| Place of publication | Jaipur |
| Name of publisher | Rawat Publication |
| Date of publication | 1997 |
| 650 ## - SUBJECT ADDED ENTRY--TOPICAL TERM | |
| Topical term | Sociology |
| 942 ## - ADDED ENTRY ELEMENTS (KOHA) | |
| Koha item type | Books |
| Withdrawn status | Lost status | Source of classification | Damaged status | Not for loan | Home library | Current library | Shelving location | Date acquired | Total Checkouts | Call number | Accession number | Date last seen | Price effective from | Koha item type | Copy number |
|---|---|---|---|---|---|---|---|---|---|---|---|---|---|---|---|
| Dewey Decimal Classification | SEACOM MANAGEMENT COLLEGE | SEACOM MANAGEMENT COLLEGE | Reference | 14/11/2007 | 362.042954 A 287 | M-830 | 05/11/2024 | 05/11/2024 | Books | ||||||
| Dewey Decimal Classification | SEACOM MANAGEMENT COLLEGE | SEACOM MANAGEMENT COLLEGE | 14/11/2007 | 362.042954 A 287 | M-831 | 05/11/2024 | 05/11/2024 | Books | 1 | ||||||
| Dewey Decimal Classification | SEACOM MANAGEMENT COLLEGE | SEACOM MANAGEMENT COLLEGE | 14/11/2007 | 362.042954 A 287 | M-832 | 05/11/2024 | 05/11/2024 | Books | 2 | ||||||
| Dewey Decimal Classification | SEACOM MANAGEMENT COLLEGE | SEACOM MANAGEMENT COLLEGE | 14/11/2007 | 362.042954 A 287 | M-833 | 05/11/2024 | 05/11/2024 | Books | 3 | ||||||
| Dewey Decimal Classification | SEACOM MANAGEMENT COLLEGE | SEACOM MANAGEMENT COLLEGE | 14/11/2007 | 362.042954 A 287 | M-834 | 05/11/2024 | 05/11/2024 | Books | 4 | ||||||
| Dewey Decimal Classification | SEACOM MANAGEMENT COLLEGE | SEACOM MANAGEMENT COLLEGE | 14/11/2007 | 362.042954 A 287 | M-835 | 05/11/2024 | 05/11/2024 | Books | 5 |
